Countries most eaten street food - Statistics

General Stats
  • This quiz has been taken 44 times
  • The average score is 1 of 7
Answer Stats
Hint Answer % Correct
USA Hot dog
93%
Finland Sausage
15%
India Pav
3%
Spain Perro
3%
China Buns
0%
Mexico Guajolota
0%
Japan Shusi
0%
No matching quizzes found
Score Distribution
Percent of People with Each Score
Percentile by Number Answered
Your Score History
You have not taken this quiz